000 00245nam a2200097Ia 4500
008 240331s9999 xx 000 0 und d
082 _bGoo
100 _aGoonatilake, S
245 0 _aCripple minds :
_ban exploration into colonial culture
942 _cL
999 _c1382
_d1382